000 01349cam a2200373 4500
008 090401t1996 xxu||||| |||| 00| 0 eng d
020 _a0854067612
022 _a1354-506X
035 _a(Sirsi) u65111
041 _aeng
050 _a346.4104343
_c18
090 _aRICS 1996/17ABCD
100 _aCrosby, Neil
245 _aCommercial property leases
_ba critical evaluation of the Department of the Environment proposals
260 _aLondon
_bRICS
_c1996
300 _a72p.
_c30cm.
350 _a7.95
490 _aRICS Foundation Research Papers
_v2(1)
520 _aGives valuable insights into the reactions of property owners to the questions raised by the DoE reforms and to wider questions concerning lease structures in the property market recession.
650 _aBUSINESS TENANCIES
650 _aCOMMERCIAL LEASES
650 _aPROPERTY-COMMERCIAL PROPERTY-COMMERCIAL LANDLORD AND TENANT-COMMERCIAL LEASES
650 _aCONFIDENTIALITY CLAUSES
650 _aDEPARTMENT OF THE ENVIRONMENT
650 _aDISPUTE RESOLUTION
_96236
650 _aUPWARD ONLY RENT REVIEWS
650 _aValuation
_96273
690 _aLANDLORD AND TENANT-BUSINESS TENANCIES
700 _aBaum, Andrew
700 _aMurdoch, Sandi
710 _aRoyal Institution of Chartered Surveyors
_94900
942 _n0
948 _c04/03/1997
999 _c94735
_d94735